00821nam a2200253 i 4500001000700000003000900007005001700016008003900033017005200072020001800124040001300142080001100155080002100166100003700187245010200224250003700326260003700363300002900400490001400429650002800443655001200471830001400483852007000497192068ES-MaACL20250822052422.0221102s2018 sp | |||| 000 f spa aB 5531-2018bOficina Depósito Legal Barcelona a9788417188382 cES-MaACL a028.01 a821.134.1-31"19"1 aTarragó, Sílvia,d1968-eaut13aEl amor y la lectura : b[un camino a la felicidad a través de los libros] /cSilvia Tarragó aPrimera edición: marzo de 2018 aBarcelona : bComanegra, c2018. a100 páginas ; c19 cm.1 aEmociones 7aLibros y lectura2embne 0aNovelas1 aEmociones4 aES-MaACLbR. 152221cDEPOJhDonación: Editorial jN-8081